000 00704nam a2200289Ia 4500
005 20260324112243.0
008 008 260324s9999 xx 000 0 eng d
020 _a9781003422839
037 _aEBOOK
040 _aCRL
040 _beng
040 _cCRL
041 _2eng
041 _aeng
084 _qCRL
100 _aMatthew Scarpino
_91141924
245 4 _aThe WebGPU Sourcebook
245 0 _bHigh-Performance Graphics and Machine Learning in the Browser
260 _bTaylor and Francis
260 _c2024
365 _a
365 _b260
856 _uhttp://www.taylorfrancis.com/books/9781003422839
942 _cEBOOK
999 _c1731068
_d1731068